Jets Roster - Statistics

General Stats
  • This quiz has been taken 16 times
  • The average score is 23 of 71
Answer Stats
Position Answer College % Correct
QB Justin Fields Ohio State
92%
RB Braelon Allen Wisconsin
85%
RB Breece Hall Iowa State
85%
QB Tyrod Taylor Virginia Tech
85%
WR Garrett Wilson Ohio State
77%
QB Jordan Travis Florida State
77%
WR Pokey Wilson Florida State
77%
DT Leonard Taylor III Miami (FL)
69%
RG Alijah Vera-Tucker USC
62%
WR Allen Lazard Iowa State
62%
RB Isaiah Davis South Dakota State
62%
WR Malachi Corley Western Kentucky
62%
CB Sauce Gardner Cincinnati
62%
OLB Jamin Davis Kentucky
54%
TE Jeremy Ruckert Ohio State
54%
DE Jermaine Johnson Florida State
54%
OLB Quincy Williams Murray State
54%
DT Quinnen Williams Alabama
54%
ILB Jamien Sherwood Auburn
46%
C Joe Tippmann Wisconsin
46%
TE Neal Johnson Louisiana
46%
LT Olu Fashanu Penn State
46%
WR Tyler Johnson Minnesota
46%
LG John Simpson Clemson
38%
FS Tony Adams Illinois
38%
DE Will McDonald Iowa State
38%
WR Xavier Gipson SF Austin
38%
QB Adrian Martinez Kansas State
31%
SS Andre Cisco Syracuse
31%
DE Braiden McGregor Michigan
31%
CB Brandon Stephens SMU
31%
C Josh Myers Ohio State
31%
CB Michael Carter II Duke
31%
P Thomas Morstead SMU
31%
TE Zack Kuntz Old Dominion
31%
WR Brandon Smith Iowa
23%
RT Carter Warren Pittsburgh
23%
K Greg Zuerlein Missouri Western
23%
LS Thomas Hennessy Duke
23%
K Anders Carlson Auburn
15%
DT Byron Cowart Maryland
15%
ILB Chazz Surratt North Carolina
15%
RT Chukwuma Okorafor Western Michigan
15%
DE Eric Watts UConn
15%
WR Irvin Charles Indiana (PA)
15%
LT Max Mitchell Louisiana
15%
DE Micheal Clemons Texas A&M
15%
DE Rashad Weaver Pittsburgh
15%
TE Stone Smartt Old Dominion
15%
P Austin McNamara Texas Tech
8%
DT Bruce Hector USF
8%
DT Derrick Nnadi Florida State
8%
WR Easop Winston Jr. Washington State
8%
CB Isaiah Oliver Colorado
8%
ILB Jackson Sirmon California
8%
FS Jarius Monroe Tulane
8%
CB Jarrick Bernard-Converse LSU
8%
DT Jay Tufele USC
8%
OLB Jimmy Ciarlo Army
8%
RB Kene Nwangwu Iowa State
8%
LG Kohl Levao Hawaii
8%
CB Kris Boyd Texas
8%
OLB Marcelino McCrary-Ball Indiana
8%
WR Marcus Riley Florida A&M
8%
LT Obinna Eze TCU
8%
DT Phidarian Mathis Alabama
8%
CB Qwan'tez Stiggers Canada
8%
CB Tre Swilling Georgia Tech
8%
RG Xavier Newman Baylor
8%
RT Zack Bailey South Carolina
8%
OLB Zaire Barnes Western Michigan
8%
No matching quizzes found
Score Distribution
Percent of People with Each Score
Percentile by Number Answered
Your Score History
You have not taken this quiz